[Event "DSJ Weihnachtsturnier U16: Steinitz 2020"]
[Site ""]
[Date "2020.12.28"]
[Round "2"]
[White "Burgtorf, Benjamin"]
[Black "Gold, Jan Christian"]
[Result "1-0"]
[Termination "normal"]
[Board "5.1"]
[WhiteElo "1773"]
[BlackElo "1638"]
[WhiteTeam "SchVgg Blankenese von 1923"]
[BlackTeam "SK Bad Homburg 1927"]
[PlyCount "117"]
[WhiteFideId "16242920"]
[BlackFideId "16298128"]
[EventRounds "7"]
[EventType "team-swiss"]
[EventDate "2020.12.28"]

1. Nf3 {[%emt 0:00:15]} d5 {[%emt 0:00:07]} 2. d4 {[%emt 0:00:04]} Nf6 { [%emt
0:00:27]} 3. c4 {[%emt 0:00:04]} e6 {[%emt 0:00:31]} 4. Nc3 {[%emt 0:00:09]}
Bb4 {[%emt 0:00:04]} 5. Bg5 {[%emt 0:00:08]} O-O {[%emt 0:00:06]} 6. e3 { [%emt
0:00:06]} b6 {[%emt 0:00:04]} 7. cxd5 {[%emt 0:00:03]} exd5 {[%emt 0:00:10]} 8.
Bd3 {[%emt 0:00:08]} Bg4 {[%emt 0:00:16]} 9. O-O {[%emt 0:00:08]} Bxc3 {[%emt
0:00:08]} 10. bxc3 {[%emt 0:00:03]} Nbd7 {[%emt 0:00:01]} 11. h3 { [%emt
0:00:17]} Bh5 {[%emt 0:00:05]} 12. c4 {[%emt 0:00:40]} Qc8 {[%emt 0:01:11]} 13.
Bf5 {[%emt 0:00:35]} Qb7 {[%emt 0:01:00]} 14. Rc1 {[%emt 0:00:45]} dxc4 {[%emt
0:00:53]} 15. Rxc4 {[%emt 0:00:10]} Qd5 {[%emt 0:00:06]} 16. Qc2 { [%emt
0:01:05]} Bxf3 {[%emt 0:00:41]} 17. gxf3 {[%emt 0:00:04]} Qxf3 {[%emt 0:01:24]}
18. Rxc7 {[%emt 0:00:13]} Rfd8 {[%emt 0:02:05]} 19. Bxd7 {[%emt 0:00:49]} Rxd7
{[%emt 0:00:08]} 20. Bxf6 {[%emt 0:00:19]} Rxc7 {[%emt 0:00:32]} 21. Qxc7
{[%emt 0:00:06]} Qxf6 {[%emt 0:00:01]} 22. Rc1 {[%emt 0:00:28]} h6 { [%emt
0:00:20]} 23. Qc6 {[%emt 0:00:15]} Qg5+ {[%emt 0:00:03]} 24. Qg2 { [%emt
0:00:06]} Qxg2+ {[%emt 0:00:06]} 25. Kxg2 {[%emt 0:00:00]} g5 {[%emt 0:00:06]}
26. Kg3 {[%emt 0:00:08]} Kg7 {[%emt 0:00:01]} 27. Kg4 {[%emt 0:00:08]} Kg6
{[%emt 0:00:02]} 28. Rc6+ {[%emt 0:00:05]} f6 {[%emt 0:00:01]} 29. h4 { [%emt
0:00:07]} h5+ {[%emt 0:00:05]} 30. Kg3 {[%emt 0:00:01]} g4 {[%emt 0:00:04]} 31.
e4 {[%emt 0:00:21]} Rd8 {[%emt 0:00:04]} 32. d5 {[%emt 0:00:06]} Kf7 { [%emt
0:00:05]} 33. Rc7+ {[%emt 0:00:06]} Ke8 {[%emt 0:00:01]} 34. Rxa7 { [%emt
0:00:01]} Rd7 {[%emt 0:00:06]} 35. Rxd7 {[%emt 0:00:02]} Kxd7 {[%emt 0:00:00]}
36. Kf4 {[%emt 0:00:01]} Kd6 {[%emt 0:00:02]} 37. Kf5 {[%emt 0:00:01]} Ke7
{[%emt 0:00:02]} 38. e5 {[%emt 0:00:07]} fxe5 {[%emt 0:00:02]} 39. Kxe5 { [%emt
0:00:00]} Kf7 {[%emt 0:00:02]} 40. Kd6 {[%emt 0:00:02]} Ke8 {[%emt 0:00:02]}
41. Kc7 {[%emt 0:00:01]} Kf7 {[%emt 0:00:02]} 42. d6 {[%emt 0:00:01]} Kf6
{[%emt 0:00:00]} 43. d7 {[%emt 0:00:01]} Kf5 {[%emt 0:00:00]} 44. d8=Q { [%emt
0:00:01]} Kf4 {[%emt 0:00:00]} 45. Qg5+ {[%emt 0:00:05]} Kf3 {[%emt 0:00:00]}
46. Qxh5 {[%emt 0:00:01]} b5 {[%emt 0:00:02]} 47. Qxb5 {[%emt 0:00:04]} Kxf2
{[%emt 0:00:02]} 48. h5 {[%emt 0:00:05]} g3 {[%emt 0:00:00]} 49. Qf5+ { [%emt
0:00:04]} Kg1 {[%emt 0:00:02]} 50. h6 {[%emt 0:00:02]} g2 {[%emt 0:00:00] } 51.
h7 {[%emt 0:00:02]} Kh2 {[%emt 0:00:03]} 52. h8=Q+ {[%emt 0:00:02]} Kg3 { [%emt
0:00:00]} 53. Qg7+ {[%emt 0:00:02]} Kh2 {[%emt 0:00:02]} 54. Qfh7+ { [%emt
0:00:00]} Kg1 {[%emt 0:00:00]} 55. Qhg6 {[%emt 0:00:08]} Kf2 {[%emt 0:00:00]}
56. Qxg2+ {[%emt 0:00:01]} Ke3 {[%emt 0:00:02]} 57. Qd5 {[%emt 0:00:09]} Kf2
{[%emt 0:00:01]} 58. Qb2+ {[%emt 0:00:03]} Ke1 {[%emt 0:00:00]} 59. Qh1# {
[%emt 0:00:02]} 1-0

[Event "DSJ Weihnachtsturnier U16: Steinitz 2020"]
[Site ""]
[Date "2020.12.28"]
[Round "2"]
[White "Goetz, Fenja"]
[Black "von Rosen, Jakob"]
[Result "0-1"]
[Termination "normal"]
[Board "5.2"]
[WhiteElo "1626"]
[BlackElo "1722"]
[WhiteTeam "SK Bad Homburg 1927"]
[BlackTeam "SchVgg Blankenese von 1923"]
[PlyCount "28"]
[WhiteFideId "16250516"]
[BlackFideId "12982989"]
[EventRounds "7"]
[EventType "team-swiss"]
[EventDate "2020.12.28"]

1. e4 {[%emt 0:00:02]} c5 {[%emt 0:00:12]} 2. Nf3 {[%emt 0:00:07]} d6 {[%emt
0:00:02]} 3. d4 {[%emt 0:00:03]} cxd4 {[%emt 0:00:01]} 4. Nxd4 {[%emt 0:00:02]}
Nf6 {[%emt 0:00:01]} 5. Nc3 {[%emt 0:00:03]} a6 {[%emt 0:00:02]} 6. Be3 { [%emt
0:00:45]} e5 {[%emt 0:00:06]} 7. Nf3 {[%emt 0:00:31]} Be6 {[%emt 0:00:04] } 8.
Bg5 {[%emt 0:00:45]} Be7 {[%emt 0:00:07]} 9. Be2 {[%emt 0:01:14]} O-O { [%emt
0:00:13]} 10. O-O {[%emt 0:00:13]} h6 {[%emt 0:00:08]} 11. Be3 {[%emt 0:00:17]}
Nc6 {[%emt 0:00:14]} 12. Qd2 {[%emt 0:00:24]} Ng4 {[%emt 0:00:16]} 13. Rfd1
{[%emt 0:00:31]} Nxe3 {[%emt 0:00:05]} 14. Qxe3 {[%emt 0:00:04]} Qc7 { [%emt
0:00:39] BadHom1-002 reconnected. Zeit} 0-1

[Event "DSJ Weihnachtsturnier U16: Steinitz 2020"]
[Site ""]
[Date "2020.12.28"]
[Round "2"]
[White "Sell, Eero"]
[Black "Pichl, Christoph"]
[Result "1-0"]
[Termination "normal"]
[Board "5.3"]
[WhiteElo "1766"]
[BlackElo "1501"]
[WhiteTeam "SchVgg Blankenese von 1923"]
[BlackTeam "SK Bad Homburg 1927"]
[PlyCount "93"]
[WhiteFideId "34606041"]
[BlackFideId "16249739"]
[EventRounds "7"]
[EventType "team-swiss"]
[EventDate "2020.12.28"]

1. e4 {[%emt 0:00:23]} c6 {[%emt 0:00:05]} 2. d4 { [%emt 0:00:06]} d5 {[%emt
0:00:02]} 3. exd5 {[%emt 0:00:03]} cxd5 {[%emt 0:00:04]} 4. Bd3 {[%emt
0:00:02]} Nc6 {[%emt 0:00:11]} 5. c3 {[%emt 0:00:02]} g6 { [%emt 0:00:20]
Blanken1-003 reconnected.} 6. Ne2 {[%emt 0:00:58]} Bg7 {[%emt 0:00:17]} 7. O-O
{[%emt 0:00:03]} Nf6 {[%emt 0:00:03]} 8. Bf4 {[%emt 0:00:54]} O-O {[%emt
0:00:18]} 9. Qd2 {[%emt 0:00:30]} Re8 {[%emt 0:00:34]} 10. Na3 { [%emt
0:00:44]} a6 {[%emt 0:00:33]} 11. Nc2 {[%emt 0:00:32]} Nh5 {[%emt 0:00:21]} 12.
Bh6 {[%emt 0:00:38]} Bd7 {[%emt 0:01:21]} 13. Bxg7 {[%emt 0:00:29]} Kxg7 {[%emt
0:00:03] .} 14. Ng3 {[%emt 0:01:14]} Nf6 {[%emt 0:00:40] .} 15. f4 {[%emt
0:00:40]} e6 {[%emt 0:00:15] .} 16. Rae1 {[%emt 0:00:21]} Qc7 {[%emt 0:00:11]
.} 17. f5 {[%emt 0:00:25]} exf5 {[%emt 0:00:32] .} 18. Bxf5 {[%emt 0:00:22]}
Rxe1 {[%emt 0:00:48] .} 19. Nxe1 {[%emt 0:00:06]} Ne7 {[%emt 0:00:53]
Blanken1-003 reconnected. .} 20. Bxd7 {[%emt 0:00:15]} Qxd7 {[%emt 0:00:03] .}
21. Qg5 {[%emt 0:00:12]} Qe6 {[%emt 0:00:13] .} 22. Nd3 {[%emt 0:00:17]} h6 {
[%emt 0:00:09] .} 23. Qf4 {[%emt 0:00:11]} Re8 {[%emt 0:00:31] .} 24. Nc5 {
[%emt 0:00:04]} Qc6 {[%emt 0:01:02] .} 25. Nd7 {[%emt 0:00:24]} Neg8 {[%emt
0:00:11] .} 26. Ne5 {[%emt 0:00:17]} Qe6 {[%emt 0:00:07] . BadHom1-003 offers a
draw} 27. Ne2 {[%emt 0:00:34]} Rf8 {[%emt 0:00:24] .} 28. Nc1 {[%emt 0:00:02]}
Nh5 {[%emt 0:00:04] .} 29. Qf3 {[%emt 0:00:02]} Nhf6 {[%emt 0:00:27] .} 30.
Ncd3 {[%emt 0:00:02]} g5 {[%emt 0:00:03] .} 31. Nc5 {[%emt 0:00:04] '} Qb6 {
[%emt 0:00:27] .} 32. Ncd7 {[%emt 0:00:14] '} Nxd7 {[%emt 0:00:04]} 33. Nxd7 {
[%emt 0:00:01] . '} Qe6 {[%emt 0:00:03] .} 34. Nxf8 {[%emt 0:00:02]} Kxf8 {
[%emt 0:00:01] ' .} 35. Qf2 {[%emt 0:00:06] '} Ke7 {[%emt 0:00:06] .} 36. Re1 {
[%emt 0:00:02] '} Kd6 {[%emt 0:00:05]} 37. Rxe6+ {[%emt 0:00:01] .} fxe6 {
[%emt 0:00:01] ' .} 38. Qf8+ {[%emt 0:00:02] '} Ne7 {[%emt 0:00:01] .} 39. Qd8+
{[%emt 0:00:02] '} Kc6 {[%emt 0:00:02]} 40. Qxe7 {[%emt 0:00:01] . '} b5 {
[%emt 0:00:04]} 41. Qxe6+ {[%emt 0:00:02] . '} Kb7 {[%emt 0:00:16]} 42. Qxd5+ {
[%emt 0:00:01] . '} Kc7 {[%emt 0:00:02] .} 43. Qe6 {[%emt 0:00:02] '} Kd8 {
[%emt 0:00:02]} 44. d5 {[%emt 0:00:01] . '} Kc7 {[%emt 0:00:04]} 45. d6+ {
[%emt 0:00:01] . '} Kd8 {[%emt 0:00:01] .} 46. Qe7+ {[%emt 0:00:02] '} Kc8 {
[%emt 0:00:01]} 47. Qc7# {[%emt 0:00:01]} 1-0

[Event "DSJ Weihnachtsturnier U16: Steinitz 2020"]
[Site ""]
[Date "2020.12.28"]
[Round "2"]
[White "von Beckh, Frieda"]
[Black "Tao, Alexander"]
[Result "1-0"]
[Termination "normal"]
[Board "5.4"]
[WhiteElo "1590"]
[BlackElo "1630"]
[WhiteTeam "SK Bad Homburg 1927"]
[BlackTeam "SchVgg Blankenese von 1923"]
[PlyCount "181"]
[WhiteFideId "16233751"]
[BlackFideId "34606033"]
[EventRounds "7"]
[EventType "team-swiss"]
[EventDate "2020.12.28"]

1. e4 {[%emt 0:00:05]} e5 {[%emt 0:00:06]} 2. Nf3 {[%emt 0:00:04]} Nc6 { [%emt
0:00:04]} 3. d4 {[%emt 0:00:02]} exd4 {[%emt 0:00:04]} 4. Bc4 {[%emt 0:00:03]}
Nf6 {[%emt 0:00:05]} 5. e5 {[%emt 0:00:04]} d5 {[%emt 0:00:03]} 6. Bb5 {[%emt
0:00:17]} Ne4 {[%emt 0:00:02]} 7. Nxd4 {[%emt 0:00:11]} Bd7 {[%emt 0:00:02]} 8.
Nxc6 {[%emt 0:00:37]} bxc6 {[%emt 0:00:02]} 9. Bd3 {[%emt 0:00:09]} Nc5 {[%emt
0:00:10]} 10. Nc3 {[%emt 0:00:11]} Nxd3+ {[%emt 0:00:07]} 11. cxd3 { [%emt
0:00:06]} c5 {[%emt 0:00:05]} 12. Nxd5 {[%emt 0:00:18]} Bc6 {[%emt 0:00:12]}
13. Nf4 {[%emt 0:00:26]} Qd4 {[%emt 0:01:22]} 14. O-O {[%emt 0:00:29]} Be7
{[%emt 0:00:16]} 15. e6 {[%emt 0:00:19]} O-O {[%emt 0:00:51]} 16. exf7+ { [%emt
0:00:31]} Rxf7 {[%emt 0:00:07]} 17. Qe2 {[%emt 0:01:15]} Re8 {[%emt 0:00:43]}
18. Be3 {[%emt 0:00:30]} Qe5 {[%emt 0:00:55]} 19. Rfe1 {[%emt 0:00:40]} Rxf4
{[%emt 0:00:31]} 20. Bxf4 {[%emt 0:00:10]} Qxf4 {[%emt 0:00:02]} 21. Qe6+
{[%emt 0:00:13]} Qf7 {[%emt 0:01:04]} 22. Qxc6 {[%emt 0:00:16]} Rf8 {[%emt
0:00:10]} 23. Re2 {[%emt 0:00:19]} Bd6 {[%emt 0:00:15]} 24. Qe4 {[%emt
0:00:21]} Qh5 {[%emt 0:01:20]} 25. h3 {[%emt 0:00:21]} Kh8 {[%emt 0:00:17]} 26.
Rae1 { [%emt 0:00:13]} h6 {[%emt 0:00:14]} 27. d4 {[%emt 0:00:28]} Qf7 {[%emt
0:00:14] } 28. dxc5 {[%emt 0:00:16]} Bxc5 {[%emt 0:00:02]} 29. Rf1 {[%emt
0:00:37]} Bb6 {[%emt 0:00:26]} 30. Qe7 {[%emt 0:00:12]} Qf5 {[%emt 0:00:13]}
31. Qe4 { [%emt 0:00:43]} Qf7 {[%emt 0:00:03]} 32. a3 {[%emt 0:00:05]} a5
{[%emt 0:00:04] } 33. Qc2 {[%emt 0:00:05]} Qf6 {[%emt 0:00:05]} 34. Qc3 {[%emt
0:00:12]} Qf7 { [%emt 0:00:02]} 35. b4 {[%emt 0:00:03]} axb4 {[%emt 0:00:04]}
36. axb4 { [%emt 0:00:01]} Qf4 {[%emt 0:00:06]} 37. Qd2 {[%emt 0:00:03]} Qf6
{[%emt 0:00:07]} 38. Qc2 {[%emt 0:00:03]} Qf4 {[%emt 0:00:04]} 39. Rfe1 {[%emt
0:00:03]} Qxb4 {[%emt 0:00:05]} 40. Re8 {[%emt 0:00:06]} Qf4 {[%emt 0:00:19]}
41. R1e2 { [%emt 0:00:07]} Qf7 {[%emt 0:00:08]} 42. Rxf8+ {[%emt 0:00:04]} Qxf8
{[%emt 0:00:01]} 43. Kf1 {[%emt 0:00:02]} Qd6 {[%emt 0:00:08]} 44. Rd2 {[%emt
0:00:01]} Qf8 {[%emt 0:00:02]} 45. Re2 {[%emt 0:00:01]} g5 {[%emt 0:00:02]} 46.
Qd2 { [%emt 0:00:02]} Kg7 {[%emt 0:00:02]} 47. Qc3+ {[%emt 0:00:02]} Kg8 {[%emt
0:00:02]} 48. Qc2 {[%emt 0:00:02]} Kg7 {[%emt 0:00:01]} 49. Rd2 {[%emt
0:00:04]} Qf6 {[%emt 0:00:02]} 50. Rd7+ {[%emt 0:00:02]} Kf8 {[%emt 0:00:01]}
51. Qd2 { [%emt 0:00:03]} Qa1+ {[%emt 0:00:02]} 52. Ke2 {[%emt 0:00:02]} Qa6+
{[%emt 0:00:02]} 53. Ke1 {[%emt 0:00:02]} Qa1+ {[%emt 0:00:01]} 54. Qd1 {[%emt
0:00:01]} Qe5+ {[%emt 0:00:01]} 55. Kf1 {[%emt 0:00:02]} Qf6 {[%emt 0:00:01]}
56. Qd2 { [%emt 0:00:03]} Qa1+ {[%emt 0:00:03]} 57. Ke2 {[%emt 0:00:02]} Qe5+
{[%emt 0:00:01]} 58. Kf3 {[%emt 0:00:02]} Qf5+ {[%emt 0:00:02]} 59. Kg3 {[%emt
0:00:02]} Qe5+ {[%emt 0:00:02]} 60. f4 {[%emt 0:00:02]} Qe6 {[%emt 0:00:04]}
61. Rd8+ { [%emt 0:00:03]} Kf7 {[%emt 0:00:02]} 62. Qd7+ {[%emt 0:00:04]} Kf6
{[%emt 0:00:03]} 63. Qxe6+ {[%emt 0:00:02]} Kxe6 {[%emt 0:00:01]} 64. Re8+
{[%emt 0:00:01]} Kf5 {[%emt 0:00:02]} 65. fxg5 {[%emt 0:00:01]} hxg5 {[%emt
0:00:01]} 66. Rf8+ { [%emt 0:00:02]} Kg6 {[%emt 0:00:01]} 67. h4 {[%emt
0:00:02]} gxh4+ {[%emt 0:00:04]} 68. Kxh4 {[%emt 0:00:01]} Kh7 {[%emt 0:00:02]}
69. g4 {[%emt 0:00:03]} Be3 {[%emt 0:00:03]} 70. g5 {[%emt 0:00:02]} Kg6 {[%emt
0:00:02]} 71. Rg8+ { [%emt 0:00:03]} Kf7 {[%emt 0:00:03]} 72. Rh8 {[%emt
0:00:02]} Kg7 {[%emt 0:00:01]} 73. Rh5 {[%emt 0:00:02]} Kg6 {[%emt 0:00:01]}
74. Kg4 {[%emt 0:00:02]} c5 {[%emt 0:00:02]} 75. Rh6+ {[%emt 0:00:02]} Kg7
{[%emt 0:00:01]} 76. Re6 { [%emt 0:00:05]} Bd4 {[%emt 0:00:02]} 77. Re7+ {[%emt
0:00:02]} Kg6 {[%emt 0:00:03]} 78. Re6+ {[%emt 0:00:01]} Kg7 {[%emt 0:00:01]}
79. g6 {[%emt 0:00:01]} Bf6 {[%emt 0:00:02]} 80. Kf5 {[%emt 0:00:02]} Bd4
{[%emt 0:00:02]} 81. Re7+ { [%emt 0:00:02]} Kf8 {[%emt 0:00:01]} 82. Ke6 {[%emt
0:00:03]} Kg8 {[%emt 0:00:04]} 83. Kd5 {[%emt 0:00:04]} Bf6 {[%emt 0:00:03]}
84. Rd7 {[%emt 0:00:03]} Bd4 {[%emt 0:00:01]} 85. Ke6 {[%emt 0:00:03]} Kf8
{[%emt 0:00:03]} 86. Kf5 { [%emt 0:00:01]} Kg8 {[%emt 0:00:01]} 87. Kg5 {[%emt
0:00:01]} Kf8 {[%emt 0:00:01]} 88. Kh6 {[%emt 0:00:01]} Kg8 {[%emt 0:00:01]}
89. Rc7 {[%emt 0:00:05]} Kf8 {[%emt 0:00:04]} 90. Rb7 {[%emt 0:00:02]} Kg8
{[%emt 0:00:01]} 91. Rb8# { [%emt 0:00:02]} 1-0

[Event "DSJ Weihnachtsturnier U16: Steinitz 2020"]
[Site ""]
[Date "2020.12.28"]
[Round "2"]
[White "Wehrstedt, Raphael"]
[Black "Herter, Arne"]
[Result "0-1"]
[Termination "normal"]
[Board "6.1"]
[WhiteElo "1592"]
[BlackElo "1740"]
[WhiteTeam "SK Johanneum Eppendorf"]
[BlackTeam "Schachzwerge Magdeburg"]
[PlyCount "102"]
[WhiteFideId "34613781"]
[BlackFideId "16255372"]
[EventRounds "7"]
[EventType "team-swiss"]
[EventDate "2020.12.28"]

1. d4 {[%emt 0:00:08]} Nf6 {[%emt 0:00:02]} 2. c4 {[%emt 0:00:02]} g6 {[%emt
0:00:02]} 3. f3 {[%emt 0:00:01]} Bg7 {[%emt 0:00:02]} 4. e4 {[%emt 0:00:01]} d6
{ [%emt 0:00:02]} 5. Nc3 {[%emt 0:00:02]} O-O {[%emt 0:00:02]} 6. Bg5 {[%emt
0:00:03]} h6 {[%emt 0:00:12]} 7. Be3 {[%emt 0:00:04]} Nc6 {[%emt 0:00:03]} 8.
Qd2 {[%emt 0:00:16]} Kh7 {[%emt 0:00:06]} 9. Nge2 {[%emt 0:00:19]} e5 {[%emt
0:00:04]} 10. d5 {[%emt 0:00:06]} Ne7 {[%emt 0:00:02]} 11. g4 {[%emt 0:00:15]}
Ne8 { [%emt 0:00:15]} 12. h4 {[%emt 0:00:16]} f5 {[%emt 0:00:06]} 13. gxf5
{[%emt 0:00:19]} gxf5 {[%emt 0:00:05]} 14. O-O-O {[%emt 0:00:17]} Nf6 {[%emt
0:00:12]} 15. Bh3 {[%emt 0:00:39]} f4 {[%emt 0:00:24]} 16. Bf2 {[%emt 0:00:11]}
Rg8 { [%emt 0:00:27]} 17. Rhg1 {[%emt 0:00:22]} Bf8 {[%emt 0:00:12]} 18. Bxc8 {
[%emt 0:00:15]} Qxc8 {[%emt 0:00:08]} 19. Rxg8 {[%emt 0:00:08]} Nfxg8 {[%emt
0:00:04]} 20. Rg1 {[%emt 0:00:04]} Qh3 {[%emt 0:00:23]} 21. Nxf4 {[%emt
0:02:14]} Qxf3 {[%emt 0:02:46]} 22. Ne6 {[%emt 0:00:38]} Ng6 {[%emt 0:00:17]}
23. h5 { [%emt 0:01:41]} Qxh5 {[%emt 0:00:33]} 24. Ne2 {[%emt 0:00:28]} Nf6
{[%emt 0:01:39]} 25. Ng3 {[%emt 0:00:56]} Qf3 {[%emt 0:02:21] Magdebg3-001
offers a draw} 26. Rh1 {[%emt 0:00:41]} Nxe4 {[%emt 0:00:16]} 27. Nxf8+ {[%emt
0:00:07]} Nxf8 {[%emt 0:00:00]} 28. Qxh6+ {[%emt 0:00:04]} Kg8 {[%emt 0:00:03]}
29. Qh8+ { [%emt 0:00:08]} Kf7 {[%emt 0:00:01]} 30. Nxe4 {[%emt 0:00:07]} Qxe4
{[%emt 0:00:03]} 31. Qh5+ {[%emt 0:00:03]} Qg6 {[%emt 0:00:03]} 32. Qxg6+
{[%emt 0:00:02]} Nxg6 {[%emt 0:00:00]} 33. Rg1 {[%emt 0:00:00]} Rg8 {[%emt
0:00:02]} 34. Be3 {[%emt 0:00:01]} Nf4 {[%emt 0:00:01]} 35. Rxg8 {[%emt
0:00:02]} Kxg8 { [%emt 0:00:00]} 36. Bxf4 {[%emt 0:00:01]} exf4 {[%emt
0:00:01]} 37. Kd2 { [%emt 0:00:00]} Kf7 {[%emt 0:00:01]} 38. Ke2 {[%emt
0:00:00]} Kf6 {[%emt 0:00:00]} 39. Kf3 {[%emt 0:00:00]} Ke5 {[%emt 0:00:01]}
40. b4 {[%emt 0:00:00]} Kd4 {[%emt 0:00:01]} 41. Kxf4 {[%emt 0:00:01]} Kxc4
{[%emt 0:00:01]} 42. Kf5 { [%emt 0:00:00]} Kxd5 {[%emt 0:00:01]} 43. Kf4 {[%emt
0:00:02]} Kc4 {[%emt 0:00:01]} 44. Kf5 {[%emt 0:00:01]} Kxb4 {[%emt 0:00:01]}
45. Ke6 {[%emt 0:00:00]} Ka3 {[%emt 0:00:01]} 46. Kd7 {[%emt 0:00:00]} Kxa2
{[%emt 0:00:00]} 47. Kxc7 { [%emt 0:00:00]} d5 {[%emt 0:00:01]} 48. Kd6 {[%emt
0:00:00]} d4 {[%emt 0:00:00] } 49. Kc7 {[%emt 0:00:01]} d3 {[%emt 0:00:00]} 50.
Kxb7 {[%emt 0:00:01]} d2 { [%emt 0:00:00]} 51. Kxa7 {[%emt 0:00:00]} d1=Q
{[%emt 0:00:02]} 0-1

[Event "DSJ Weihnachtsturnier U16: Steinitz 2020"]
[Site ""]
[Date "2020.12.28"]
[Round "2"]
[White "Udelnov, Valentin"]
[Black "Miller, Jonathan"]
[Result "1-0"]
[Termination "normal"]
[Board "6.2"]
[WhiteElo "1748"]
[BlackElo "1507"]
[WhiteTeam "Schachzwerge Magdeburg"]
[BlackTeam "SK Johanneum Eppendorf"]
[PlyCount "41"]
[WhiteFideId "16265734"]
[BlackFideId "34631585"]
[EventRounds "7"]
[EventType "team-swiss"]
[EventDate "2020.12.28"]

1. e4 {[%emt 0:00:05]} e6 {[%emt 0:00:06]} 2. d4 {[%emt 0:00:03]} d5 {[%emt
0:00:01]} 3. Nd2 {[%emt 0:00:02]} Nf6 {[%emt 0:00:02]} 4. e5 {[%emt 0:00:04]}
Nfd7 {[%emt 0:00:01]} 5. Bd3 {[%emt 0:00:06]} c5 {[%emt 0:00:04]} 6. c3 { [%emt
0:00:03]} Nc6 {[%emt 0:00:01]} 7. Ne2 {[%emt 0:00:04]} cxd4 {[%emt 0:00:04]} 8.
cxd4 {[%emt 0:00:02]} f6 {[%emt 0:00:01]} 9. exf6 {[%emt 0:00:05]} Nxf6 {[%emt
0:00:00]} 10. O-O {[%emt 0:00:01]} Bd6 {[%emt 0:00:02]} 11. Nf3 { [%emt
0:00:06]} O-O {[%emt 0:00:02]} 12. a3 {[%emt 0:00:08]} Bd7 {[%emt 0:00:25]} 13.
h3 {[%emt 0:00:33]} Be8 {[%emt 0:00:09]} 14. Nf4 {[%emt 0:00:12]} Ne4 {[%emt
0:00:33]} 15. Nxe6 {[%emt 0:00:36]} Qf6 {[%emt 0:00:08]} 16. Nxf8 { [%emt
0:00:23]} Qxf8 {[%emt 0:00:03]} 17. Qb3 {[%emt 0:00:39]} Ne7 {[%emt 0:00:31]}
18. Bxe4 {[%emt 0:00:16]} Bh5 {[%emt 0:00:05]} 19. Bxd5+ {[%emt 0:00:10]} Nxd5
{[%emt 0:00:01]} 20. Qxd5+ {[%emt 0:00:01]} Kh8 {[%emt 0:00:00]} 21. Qxh5
{[%emt 0:00:10]} 1-0

[Event "DSJ Weihnachtsturnier U16: Steinitz 2020"]
[Site ""]
[Date "2020.12.28"]
[Round "2"]
[White "Winterstein, Fabio"]
[Black "Pohle, Saskia"]
[Result "1-0"]
[Termination "normal"]
[Board "6.3"]
[WhiteElo "1558"]
[BlackElo "1815"]
[WhiteTeam "SK Johanneum Eppendorf"]
[BlackTeam "Schachzwerge Magdeburg"]
[PlyCount "45"]
[BlackFideId "16201604"]
[EventRounds "7"]
[EventType "team-swiss"]
[EventDate "2020.12.28"]

1. e4 {[%emt 0:00:02]} e5 {[%emt 0:00:02]} 2. Nf3 {[%emt 0:00:02]} Nc6 { [%emt
0:00:01]} 3. d4 {[%emt 0:00:01]} exd4 {[%emt 0:00:02]} 4. Nxd4 {[%emt 0:00:01]}
Nf6 {[%emt 0:00:17]} 5. Nxc6 {[%emt 0:00:06]} bxc6 {[%emt 0:00:04]} 6. e5
{[%emt 0:00:02]} Nd5 {[%emt 0:00:16]} 7. c4 {[%emt 0:00:02]} Nb6 {[%emt
0:00:10]} 8. Nc3 {[%emt 0:00:02]} Ba6 {[%emt 0:00:17]} 9. b3 {[%emt 0:00:22]}
Qe7 {[%emt 0:00:16]} 10. Bf4 {[%emt 0:00:57]} g6 {[%emt 0:00:10]} 11. Be2
{[%emt 0:00:23]} Bg7 {[%emt 0:00:04]} 12. O-O {[%emt 0:00:01]} O-O {[%emt
0:00:07]} 13. Re1 {[%emt 0:00:09]} Bxe5 {[%emt 0:00:18]} 14. Bf3 {[%emt
0:00:10]} f6 { [%emt 0:00:06]} 15. Qd2 {[%emt 0:01:06]} Bxf4 {[%emt 0:00:28]}
16. Qxf4 { [%emt 0:00:05]} Qb4 {[%emt 0:00:25]} 17. Ne4 {[%emt 0:00:30]} f5
{[%emt 0:00:31]} 18. Ng5 {[%emt 0:00:14]} Rae8 {[%emt 0:00:04]} 19. Red1 {[%emt
0:01:16]} Qe7 {[%emt 0:00:32]} 20. h4 {[%emt 0:00:11]} Qf6 {[%emt 0:02:33]} 21.
Qxc7 { [%emt 0:00:21]} Ra8 {[%emt 0:00:31]} 22. Bxc6 {[%emt 0:00:17]} dxc6
{[%emt 0:00:20]} 23. Qxh7# {[%emt 0:00:03]} 1-0